Lý thuyết tích ohaan và ứng dụng

Độ đo dương; Lý thuyết tích phân (The Theory of the Integral); Các ứng dụng của tích phân...

保存先:
書誌詳細
第一著者: Xayaphet Keodavanh
その他の著者: Cao Văn Nuôi T.S (Hướng dẫn)
フォーマット: 図書
出版事項: Đà Nẵng Đại học Đà Nẵng 2012
主題:
タグ: タグ追加
タグなし, このレコードへの初めてのタグを付けませんか!
Thư viện lưu trữ: Mạng thư viện Đại học Đà Nẵng
LEADER 01401nam a2200313 4500
001 000017866
003 14292
005 20130829090806.0
008 130617s2012 sd
082 |a 515.4  |b XA-K 
100 |a Xayaphet Keodavanh 
245 |a Lý thuyết tích ohaan và ứng dụng  |c Xayaphet Keodavanh ; Cao Văn Nuôi hướng dẫn.  |k Luận văn Thạc sĩ 
260 |a Đà Nẵng  |b Đại học Đà Nẵng  |c 2012 
300 |a 68 tr., phụ lục 3 tr.  |c 29 cm.  |e CD + tóm tắt 
500 |a Luận văn thạc sĩ Khoa học. Chuyên ngành : Phương pháp Toán sơ cấp. Mã số: 60.46.40. 
520 |a Độ đo dương; Lý thuyết tích phân (The Theory of the Integral); Các ứng dụng của tích phân... 
650 0 4 |a Tích phân  |v Luận văn tốt nghiệp  |x Ứng dụng 
653 |a Phương pháp toán sơ cấp.  |a Tích phân 
700 |a Cao Văn Nuôi  |c T.S  |e Hướng dẫn 
OWN |a LSP 
AVA |a UDN50  |b LSP  |d 515.4 XA-K  |e available  |t Error 5001 Not defined in file expand_doc_bib_avail.  |f 1  |g 0  |h N  |i 0  |k 1 
999 |a From the UDN01 
AVA |a UDN50  |b LSP  |d 515.4 XA-K  |e available  |t Error 5001 Not defined in file expand_doc_bib_avail.  |f 1  |g 0  |h N  |i 0  |k 1 
TYP |a Monograph 
TYP |a Printed language 
980 |a Mạng thư viện Đại học Đà Nẵng